• 首页
  • 本馆介绍
  • 公告通知
  • 最新文献
  • 馆藏检索
  • 电子资源
  • 读者导购
  • 参考咨询
  • 我的图书馆
  • 登录
  • 详细信息显示
  • 放入我的书架
  • 预约/预借图书
  • 作者相关作品
  • 分类相关作品
  • 丛书相关作品
  • 出版社相关作品

书目信息

  • 表格格式
  • 工作单格式
  • 卡片格式
题名:
健康、传承、弘扬
    
 
作者: 薛文忠 , 杨萍 著
分册:  
出版信息: 长春   东北师范大学出版社  2019
页数: 289页
开本: 24cm
丛书名:
单 册:
中图分类: G852.02
科图分类:
主题词: 武术--wu shu--体育教学--教学模式--高等学校
电子资源:
ISBN: 978-7-5681-6624-9
000 01094nam0 2200253 450
001 2151089863
005 20211018173724.0
010    @a978-7-5681-6624-9@dCNY69.00
100    @a20200530d2019 em y0chiy50 ea
101 0  @achi
102    @aCN@b220000
105    @ay z 000yy
106    @ar
200 1  @a健康、传承、弘扬@Ajian kang chuan cheng hong yang@e高校体育教育新模式@f薛文忠,杨萍著
210    @a长春@c东北师范大学出版社@d2019
215    @a289页@d24cm
330    @a本书共分九章,内容包括:体育教育概述;中国民族体育文化的传承、保护与发展;高校体育教学的现状分析与问题探讨;高校体育教学改革的对策;体育教育理念的革新与发展研究;高校体育教师的角色转换与素质提升;教师主体理念在体育教育改革进程中的转换;体育教育模式改革分析;我国体育教育改革创新与展望。
517 1  @a高校体育教育新模式@Agao jiao ti yu jiao yu xin mo shi
606 0  @a武术@Awu shu@x体育教学@x教学模式@x高等学校
690    @aG852.02@v5
701  0 @a薛文忠@Axue wen zhong@f(1968.7-)@4著
701  0 @a杨萍@Ayang ping@c(女,@f1985.2-)@4著
801  0 @aCN@b百万庄@c20211016
905    @b1309408-411@dG852.02@e522@f4
    
    健康、传承、弘扬:高校体育教育新模式/薛文忠,杨萍著.-长春:东北师范大学出版社,2019
    289页;24cm
    
    
    ISBN 978-7-5681-6624-9:CNY69.00
    本书共分九章,内容包括:体育教育概述;中国民族体育文化的传承、保护与发展;高校体育教学的现状分析与问题探讨;高校体育教学改革的对策;体育教育理念的革新与发展研究;高校体育教师的角色转换与素质提升;教师主体理念在体育教育改革进程中的转换;体育教育模式改革分析;我国体育教育改革创新与展望。
●
相关链接 在E读中查询图书 在五车中查询图书 在当当中查询图书 在豆瓣中查询图书


正题名:健康、传承、弘扬     索取号:G852.02/522         预约/预借

序号 登录号 条形码 馆藏地/架位号 状态 备注
1 1309408   213094088   第一样本阅览室/ [索取号:G852.02/522] 在馆    
2 1309409   213094097   第四借阅区/ [索取号:G852.02/522] 在馆    
3 1309410   213094104   第四借阅区/ [索取号:G852.02/522] 在馆    
4 1309411   213094113   第四借阅区/ [索取号:G852.02/522] 在馆    
唐山师范学院图书馆 欢迎您!
大连网信软件有限公司© 版权所有